LIBRARY & INFORMATION CENTRE, KCAET, TAVANUR

ONLINE PUBLIC ACCESS CATALOGUE (OPAC)

Engineering manufacturing process in machine and assembly shops / (Record no. 3301)

MARC details
000 -LEADER
fixed length control field 00487cam a2200181ua 4500
041 ## - LANGUAGE CODE
Language code of text/sound track or separate title eng
082 ## - DEWEY DECIMAL CLASSIFICATION NUMBER
Classification number 670
Item number MAS/EN
100 ## - MAIN ENTRY--AUTHOR NAME
Personal name Maslov, D .
245 ## - TITLE STATEMENT
Title Engineering manufacturing process in machine and assembly shops /
250 ## - EDITION STATEMENT
Edition statement 1 /
260 ## - PUBLICATION, DISTRIBUTION, ETC. (IMPRINT)
Place of publication Moscow :
Name of publisher Foreign Language Publishing House ,
Year of publication 1962.
300 ## - PHYSICAL DESCRIPTION
Number of Pages 413 ; .
700 1# - ADDED ENTRY--PERSONAL NAME
Personal name Danilevsky, V .
700 1# - ADDED ENTRY--PERSONAL NAME
Personal name Sanov, .
942 ## - ADDED ENTRY ELEMENTS (KOHA)
Koha item type Books
Holdings
Withdrawn status Lost status Damaged status Home library Current library Date acquired Full call number Accession Number Koha item type
      KAUAET KAUAET 07/04/2012 670 1857 Books
free website counter